LEADER 00948nam0-22003131i-450 001 990004809800403321 005 20180207164653.0 035 $a000480980 100 $a19990604d1979----km-y0itay50------ba 101 0 $aita 102 $aIT 105 $ay-------001yy 200 1 $aTeoria del dialetto$edialetto e spazio, dialetto e tempo$ecorso di dialettologia italiana$eAnno Accademico 1978-79,$fCorrado Grassi, Tullio Telmon 210 $aTorino$cGiappichelli$d1979 215 $a112 p., [4] c. di tav.$d25 cm 610 0 $aDialetti italiani 676 $a417 676 $a457$v21 700 1$aGrassi,$bCorrado$f<1925- >$0164786 701 1$aTelmon,$bTullio$0174005 801 0$aIT$bUNINA$gRICA$2UNIMARC 901 $aBK 912 $a990004809800403321 952 $aSDI-XVIII C 12$bs.i.$fSDI 952 $a457 GRA 3$bIst.f.m.31468$fFLFBC 959 $aFLFBC 959 $aSDI 996 $aTeoria del dialetto$9518962 997 $aUNINA LEADER 01370nam0 22003131i 450 001 UON00069395 005 20231205102344.993 010 $a05-213-5230-4 100 $a20020107d1988 |0itac50 ba 101 $aeng 102 $aGB 105 $a|||| ||||| 200 1 $aFrance and Islam in West Africa, 1860-1960$fChristopher Harrison 210 $aCambridge$cCambridge University Press$d1988 215 $aXI, 242 p.$d24 cm 410 1$1001UON00065623$12001 $aAfrican Studies Series$fGeneral editor J.M. Lonsdale$gAdvisory editors J.D.Y. Peel, John Sender$v60 606 $aAfrica occidentale$xRelazioni estere$xFrancia$3UONC019480$2FI 606 $aFrancia$xRelazioni estere$xAfrica occidentale$3UONC019481$2FI 606 $aIslam$xAfrica occidentale$3UONC003991$2FI 620 $dCambridge$3UONL000022 676 $a966.03$cSTORIA DELL'AFRICA OCCIDENTALE - dal 1885-$v21 700 1$aHARRISON$bChristopher$3UONV043460$0288817 712 $aCambridge University Press$3UONV245943$4650 801 $aIT$bSOL$c20250620$gRICA 899 $aSIBA - SISTEMA BIBLIOTECARIO DI ATENEO$2UONSI 912 $aUON00069395 950 $aSIBA - SISTEMA BIBLIOTECARIO DI ATENEO$dSI IV 046 $eSI AA 11010 5 046 996 $aFrance and Islam in West Africa, 1860-1960$91162162 997 $aUNIOR